Top 10 european cities for students - Statistics

General Stats
  • This quiz has been taken 41 times
  • The average score is 8 of 10
Answer Stats
Reason Country City % Correct
Best transport UK London
97%
Best beer Germany Munich
97%
Enrollment and affordable college fees Germany Berlin
95%
University prestige UK Oxford
95%
Best quality of life Austria Vienna
95%
Night life Spain Barcelona
92%
Lower cost of living Poland Warsaw
92%
Best job prospects UK Cambridge
77%
Cultural quality Italy Florence
59%
Gastronomic appeal Spain San Sebastian
15%
No matching quizzes found
Score Distribution
Percent of People with Each Score
Percentile by Number Answered
Your Score History
You have not taken this quiz